000 00540nam a2200181Ia 4500
008 090124s9999 xx 000 0 und d
082 _b122248
100 _aरायकर प्रतिभा
245 _a क्षण प्रेमाचा
250 _a1
260 _c1987
300 _a189
600 _aरायकर प्रतिभा
630 _a क्षण प्रेमाचा
700 _aरायकर प्रतिभा
730 _a क्षण प्रेमाचा
942 _cBOOK
999 _c168334
_d168334